Visualizzazione normale
Vista MARC
- Beretta
di Personal Name
Records bibliografici associati: 1
001 - CONTROL NUMBER
- control field: 1579
003 - CONTROL NUMBER IDENTIFIER
- control field: IT-RoPau
005 - DATE AND TIME OF LATEST TRANSACTION
- control field: 20131109123247.0
008 - FIXED-LENGTH DATA ELEMENTS
- fixed length control field: 131109|| aca||aabn | a|a d
040 ## - CATALOGING SOURCE
- Original cataloging agency: IT-RoPau
- Transcribing agency: IT-RoPau
100 ## - HEADING--PERSONAL NAME
- Personal name: Beretta
- Miscellaneous information: Codice autore SPICS: 22720
- Relator term: Autore
- Name of part/section of a work: L'ora del rock
670 ## - SOURCE DATA FOUND
- Source citation: Work cat.: (IT-RoPau)103840: AA.VV. 794, Deus (Lp Cln 20257)